Catálogo público

Elaboración de un pan libre de gluten mediante masas adicionadas con almidón modificado de amaranto y WPI / (Record no. 209699)

MARC details
000 -CABECERA
campo de control de longitud fija 04628nam a2200529Ia 4500
001 - NÚMERO DE CONTROL
campo de control dia_6908
003 - IDENTIFICADOR DEL NÚMERO DE CONTROL
campo de control CHAP
005 - FECHA Y HORA DE LA ÚLTIMA TRANSACCIÓN
campo de control 20240626153646.0
007 - CAMPO FIJO DE DESCRIPCIÓN FÍSICA--INFORMACIÓN GENERAL
campo de control de longitud fija ta
008 - DATOS DE LONGITUD FIJA--INFORMACIÓN GENERAL
campo de control de longitud fija 220601s2018 mx ado frm 001 0 spa d
040 ## - FUENTE DE LA CATALOGACIÓN
Centro catalogador/agencia de origen mxchpua
Centro/agencia transcriptor CHAP
Normas de descripción rda
041 0# - CÓDIGO DE LENGUA
Código de lengua del texto/banda sonora o título independiente spa
Código de lengua del sumario o resumen eng
090 ## - LOCALMENTE ASIGNADO TIPO-LC NÚMERO DE CLASIFICACIÓN (OCLC); NÚMERO DE CLASIFICACIÓN LOCAL (RLIN)
Número de clasificación (OCLC) (R) ; Numero de clasificación, CALL (RLIN) (NR) Tesis
Número cutter local (OCLC) ; Número de libro/Signatura topográfica íntegra, CALL (RLIN) S263
año 2018
100 1# - ENTRADA PRINCIPAL--NOMBRE DE PERSONA
Nombre de persona Santiago Santos, Betzaida Areli
240 10 - TÍTULO UNIFORME
Título uniforme Elaboration of a gluten-free bread by the addition of dough with modified amaranth starch and WPI*.
Lenguaje de la obra Español
245 10 - MENCIÓN DE TÍTULO
Título Elaboración de un pan libre de gluten mediante masas adicionadas con almidón modificado de amaranto y WPI /
Mención de responsabilidad, etc. Betzaida Areli Santiago Santos
264 ## - PRODUCCIÓN, PUBLICACIÓN, DISTRIBUCIÓN, FABRICACIÓN Y COPYRIGHT
Producción, publicación, distribución, fabricación y copyright Chapingo, México :
Nombre del de productor, editor, distribuidor, fabricante El autor,
Fecha de producción, publicación, distribución, fabricación o copyright 2018
300 ## - DESCRIPCIÓN FÍSICA
Extensión ix, 108 hojas :
Otras características físicas ilustraciones,gráficas, tablas, fotos +
Material acompañante/anejo 1 CD-ROM
336 ## - TIPO DE CONTENIDO
Fuente rdacontent
Término de tipo de contenido texto
Código de tipo de contenido txt
337 ## - TIPO DE MEDIO
Fuente rdamedia
Nombre/término del tipo de medio no mediado
Código del tipo de medio n
338 ## - TIPO DE SOPORTE
Fuente rdacarrier
Nombre/término del tipo de soporte volumen
Código del tipo de soporte nc
500 ## - NOTA GENERAL
Nota general El CD contiene reporte y artículo
502 ## - NOTA DE TESIS
Nota de tesis Tesis
Tipo de título (Maestro en Ciencias en Ciencia y Tecnología Agroalimentaria) --
Nombre de la institución que otorga el título UACh. Departamento de Ingeniería Agroindustrial,
Año de obtención del título 2018
504 ## - NOTA DE BIBLIOGRAFÍA, ETC.
Nota de bibliografía, etc. Bibliografía: hojas 107-108
520 3# - SUMARIO, ETC.
Sumario, etc. En este trabajo se llevó a cabo la extracción y caracterización fisicoquímica de almidón de amaranto (Amaranthus hypochondriacus, variedad revancha). El almidón nativo se modificó químicamente incorporando grupos acetilo, se evaluó el efecto que tuvo la acetilación en la capacidad de retención de agua, índice de solubilidad, poder de hinchamiento y capacidad de retención de aceite, la temperatura de gelatinización y la viscosidad se determinaron mediante un reómetro (Anton Paar Physica MCR 300, Gaz, Austria). El almidón obtenido se utilizó en la formulación de masas para pan libre de gluten, fue incorporado con aislado de proteína de lactosuero (por sus siglas en inglés, WPI), variando los porcentajes en la formulación, para evaluar su efecto en la viscosidad de las masas, y en la retención del gas dentro de la miga, retención de humedad en el pan y se evaluaron las características texturales del pan (firmeza, cohesividad, elasticidad y masticabilidad) durante los tres primeros días. Los resultados fueron comparados con un pan elaborado con harina de trigo para determinar cuál fue la formulación que presentó características similares a este, el conocimiento de las propiedades del almidón otorgadas por la modificación química permite hacer inferencia sobre la aplicación del almidón en algunos productos alimenticios. --
520 3# - SUMARIO, ETC.
Sumario, etc. The extraction and physicochemical characterization of amaranth starch (Amaranthus hypochondriacus, revancha variety) was investigated through this project. The native starch was chemically modified by incorporating acetyl groups. The acetylation effect on water retention capacity, solubility index, swelling power and oil retention capacity, gelatinization temperature and viscosity was determined using a rheometer (Anton Paar Physica MCR 300, Gaz, Austria). The obtained starch was used to formulate gluten-free bread dough; it was incorporated with whey protein isolate, varying the percentages in the formulation to evaluate its effect on the viscosity of the dough, gas retention within the crumb and moisture retention in the bread. The textural characteristics of the bread (firmness, cohesiveness, elasticity and chewiness) were evaluated in the first three days. The results were compared with a bread made with wheat flour to determine which formulation presented characteristics similar to it. Knowledge of the starch properties granted by the chemical modifications allows making inferences regarding the application of the starch in some food products.
650 13 - PUNTO DE ACCESO ADICIONAL DE MATERIA--TÉRMINO DE MATERIA
Término de materia o nombre geográfico como elemento de entrada Fabricación de pan
Fuente del encabezamiento o término atg
650 13 - PUNTO DE ACCESO ADICIONAL DE MATERIA--TÉRMINO DE MATERIA
Término de materia o nombre geográfico como elemento de entrada Productos horneados
Subdivisión general Propiedades fisicoquímicas
Fuente del encabezamiento o término atg
650 13 - PUNTO DE ACCESO ADICIONAL DE MATERIA--TÉRMINO DE MATERIA
Término de materia o nombre geográfico como elemento de entrada Alimentos sin gluten
Fuente del encabezamiento o término atg
650 13 - PUNTO DE ACCESO ADICIONAL DE MATERIA--TÉRMINO DE MATERIA
Término de materia o nombre geográfico como elemento de entrada Almidón de amaranto
Fuente del encabezamiento o término atg
650 13 - PUNTO DE ACCESO ADICIONAL DE MATERIA--TÉRMINO DE MATERIA
Término de materia o nombre geográfico como elemento de entrada Productos derivados del suero
Fuente del encabezamiento o término atg
650 13 - PUNTO DE ACCESO ADICIONAL DE MATERIA--TÉRMINO DE MATERIA
Término de materia o nombre geográfico como elemento de entrada Breadmaking
Fuente del encabezamiento o término atg
650 13 - PUNTO DE ACCESO ADICIONAL DE MATERIA--TÉRMINO DE MATERIA
Término de materia o nombre geográfico como elemento de entrada Baked goods
Fuente del encabezamiento o término atg
Subdivisión general Physicochemical properties
650 13 - PUNTO DE ACCESO ADICIONAL DE MATERIA--TÉRMINO DE MATERIA
Término de materia o nombre geográfico como elemento de entrada Gluten-free foods
Fuente del encabezamiento o término atg
650 13 - PUNTO DE ACCESO ADICIONAL DE MATERIA--TÉRMINO DE MATERIA
Término de materia o nombre geográfico como elemento de entrada Amaranth starch
Fuente del encabezamiento o término atg
650 13 - PUNTO DE ACCESO ADICIONAL DE MATERIA--TÉRMINO DE MATERIA
Término de materia o nombre geográfico como elemento de entrada Whey products
Fuente del encabezamiento o término atg
700 1# - PUNTO DE ACCESO ADICIONAL--NOMBRE DE PERSONA
Nombre de persona Aguirre Mandujano, Eleazar
Término indicativo de función/relación director
700 1# - PUNTO DE ACCESO ADICIONAL--NOMBRE DE PERSONA
Nombre de persona Ramírez Santiago, César
Término indicativo de función/relación asesor
700 1# - PUNTO DE ACCESO ADICIONAL--NOMBRE DE PERSONA
Nombre de persona Sandoval Castilla, Ofelia
Término indicativo de función/relación asesora
856 41 - LOCALIZACIÓN Y ACCESO ELECTRÓNICOS
Identificador Uniforme del Recurso <a href="http://10.13.5.2/tesis/sist114715.pdf">http://10.13.5.2/tesis/sist114715.pdf</a>
Texto de enlace DESCARGAR PDF
901 ## - ELEMENTOS DE DATOS A LOCAL LDA (RLIN)
a TESIS S263 2018
942 ## - ELEMENTOS DE PUNTO DE ACCESO ADICIONAL (KOHA)
Tipo de ítem Koha TESIS
Fuente del sistema de clasificación o colocación Clasificación Universidad Autónoma Chapingo
902 ## - ELEMENTOS DE DATOS B LOCAL, LDB (RLIN)
a M
905 ## - ELEMENTOS DE DATOS E LOCAL, LDE (RLIN)
a 5232272018 mx nml 8223123322spa16
Holdings
Estado de retiro Estado de pérdida Fuente del sistema de clasificación o colocación Estado dañado Restricciones de uso No para préstamo Código de colección Localización permanente Ubicación/localización actual Fecha de adquisición Fuente de adquisición Total de préstamos Signatura topográfica completa Código de barras Fecha visto por última vez Número de copia Precio válido a partir de Tipo de ítem Koha Fecha del último préstamo Ubicación en estantería
    Clasificación Universidad Autónoma de Chapingo   Préstamo interno   Tesis Ingenieria Agroindustrial Ingenieria Agroindustrial 01/06/2022 El autor   Tesis S263 2018 1101011794 01/06/2022 Ej. 2 01/06/2022 CD    
    Clasificación Universidad Autónoma de Chapingo   Préstamo interno   Tesis Ingenieria Agroindustrial Ingenieria Agroindustrial 01/06/2022 El autor 1 Tesis S263 2018 1101011793 02/02/2026 Ej. 1 01/06/2022 Tesis 26/08/2022  
    Clasificación Universidad Autónoma de Chapingo       Tesis digitales de Maestría Ingenieria Agroindustrial Ingenieria Agroindustrial 26/06/2024 El autor     1201011793 26/06/2024   26/06/2024 Tesis digital   En línea